The DevOps handbook : how to create world-class agility, reliability, & security in technology organizations

Збережено в:
Бібліографічні деталі
Автор: Kim, Gene
Формат: Книга
Опубліковано: simon and schuster
Теги: Додати тег
Немає тегів, Будьте першим, хто поставить тег для цього запису!

MARC

LEADER 00000nam a2200000Ia 4500
005 20260515061614.0
100 |a Kim, Gene, 
020 |a 9781942788003 
942 |c BK 
245 |a The DevOps handbook : how to create world-class agility, reliability, & security in technology organizations  
260 |b simon and schuster 
999 |c 9  |d 9 
952 |0 0  |1 0  |4 0  |7 0  |a ABDN  |b ABDN  |d 2026-05-15  |l 0  |p 000053  |r 2026-05-15 06:16:14  |w 2026-05-15  |y BK